000
00310nam a2200133Ia 4500
008
221030s9999 xx 000 0 und d
041
_a
English
082
_a
105.23
100
_a
Wan M. Wong
245
0
_a
Learn Fox Pro 2.5 for Windows in a Day
_c
by Wan M. Wong
260
_c
0
650
_a
B
942
_c
BK
999
_c
12453
_d
12453